Most Popular Baby Girl Names of the 1980s - Statistics

General Stats
  • This quiz has been taken 90 times
  • The average score is 91 of 200
Answer Stats
name % Correct
Jenny
93%
Marie
92%
Mary
92%
Jennifer
90%
Jessica
90%
Anne
87%
Sara
87%
Sarah
87%
Ann
85%
Maria
85%
Elizabeth
82%
Kristi
82%
Laura
82%
Ana
80%
Anna
80%
Kristen
80%
Kristin
80%
Catherine
77%
Katherine
77%
Hannah
75%
Rachael
75%
Rachel
75%
Emily
74%
Kimberly
74%
Olivia
74%
Rebecca
72%
Stefanie
72%
Stephanie
72%
Victoria
72%
Amanda
70%
Christina
70%
Cristina
70%
Julia
70%
Julie
70%
Kristina
70%
Michelle
70%
Karen
69%
Lauren
69%
Rebekah
69%
Melissa
67%
Samantha
67%
Katie
66%
Kelli
66%
Kelly
66%
Linda
66%
Angel
64%
Nichole
64%
Nicole
64%
Alison
62%
Allison
62%
Ashlee
62%
Ashley
62%
Lisa
62%
Margaret
62%
Susan
62%
Brittney
61%
Diana
61%
Patricia
61%
Amy
59%
Andrea
59%
Heather
59%
Natalie
59%
Beth
57%
Christine
57%
Angela
56%
Meagan
56%
Megan
56%
Meghan
56%
Alicia
54%
Amber
54%
Brittany
54%
Abigail
52%
Alexandra
52%
Bethany
52%
Caroline
52%
Molly
52%
Barbara
51%
Danielle
51%
Teresa
51%
Theresa
51%
Tracy
51%
Veronica
51%
Deborah
49%
Joanna
49%
Melanie
49%
Pamela
49%
Stacey
49%
Stacy
49%
Erica
48%
Erika
48%
Holly
48%
Nancy
48%
Jenna
46%
Sharon
46%
Vanessa
46%
Courtney
44%
Jaclyn
44%
Jacqueline
44%
Monica
44%
Tiffany
44%
Tina
44%
Wendy
44%
Alexis
43%
Brenda
43%
Crystal
43%
Krystal
43%
Sandra
43%
Valerie
43%
Alyssa
41%
Brianna
41%
Jaime
41%
Jamie
41%
Leah
41%
Christy
39%
Leslie
39%
Lori
39%
Cassandra
38%
Cindy
38%
Cynthia
38%
Erin
38%
Jill
38%
Natasha
38%
Nina
38%
April
36%
Carla
36%
Carrie
36%
Chelsea
36%
Jasmine
36%
Lindsay
36%
Lindsey
36%
Taylor
36%
Jordan
34%
Kathleen
34%
Kayla
34%
Shannon
34%
Brooke
33%
Denise
33%
Tammy
33%
Cheryl
31%
Gina
31%
Kelsey
31%
Tamara
31%
Tanya
31%
Tara
31%
Katelyn
30%
Morgan
30%
Tonya
30%
Audrey
28%
Candace
28%
Candice
28%
Carolyn
26%
Cassie
26%
Heidi
26%
Kara
26%
Angelica
25%
Bridget
25%
Krista
25%
Melinda
25%
Miranda
25%
Renee
25%
Robin
25%
Whitney
25%
Dana
23%
Dawn
23%
Kendra
23%
Marissa
23%
Virginia
23%
Felicia
21%
Caitlin
20%
Colleen
20%
Jillian
20%
Lacey
20%
Sabrina
20%
Autumn
18%
Brandi
18%
Brandy
18%
Claudia
18%
Kristy
18%
Meredith
18%
Deanna
16%
Kari
16%
Casey
15%
Regina
15%
Alisha
13%
Kathryn
13%
Katrina
13%
Tabitha
13%
Tasha
13%
Mallory
11%
Misty
11%
Monique
10%
Priscilla
10%
Adrienne
8%
Desiree
8%
Dominique
8%
Ebony
8%
Latoya
7%
Sheena
7%
Michele
3%
Latasha
2%
No matching quizzes found
Score Distribution
Percent of People with Each Score
Percentile by Number Answered
Your Score History
You have not taken this quiz